| 000 | 01345nam a2200265 i 4500 | ||
|---|---|---|---|
| 001 | 186210 | ||
| 003 | SpMaBN | ||
| 005 | 20250728033957.0 | ||
| 008 | 160919s2015 sp o |||| | spa d | ||
| 020 | _a978-84-606-7472-6 | ||
| 080 | _a77 García de la Vega, María Antonia | ||
| 100 | 1 |
_aGarcía de la Vega, María Antonia. _9160916 |
|
| 245 | 1 | 0 |
_aMemorandum natura / _cMaría Antonia García de la Vega ; texto de Virginia de la Cruz Lichet ; [traducción, Javier de Sebastián García de la Vega]. |
| 260 |
_aMadrid : _b[M.A. García de la Vega], _c2015. |
||
| 300 |
_a93 p. : _bprincipalmente fot. ; _c25 x 25 cm. |
||
| 505 | 8 |
_aContiene: ; _tPaseos naturales... / _rVirginia de la Cruz Lichet. -- _tCollazo Azpegui ; _tEl Tiemblo ; _tFragas del Eume ; _tLa Gomera ; _tRío Urrederra ; _tSanto Estevo ; _tSelva Irati ; _tSintra ; _tUrbasa ; _tValsaín |
|
| 546 | _aTexto en español y traducción en inglés. | ||
| 600 | 1 | 7 |
_aGarcía de la Vega, María Antonia. _9160916 |
| 650 | 7 |
_aFotografía de paisaje _2embne _9141948 |
|
| 700 | 1 |
_aCruz, Virginia de la, _d1978- _9160917 |
|
| 852 |
_aES-MaACL _bR.150995 _9193265 _dOlim: N-6789 _jA-13789 _xEncuadernación cartoné _gDedicatoria autógrafa de la autora _cDEPO1 |
||
| 903 |
_9160916 _aGarcía de la Vega, María Antonia _ednr |
||
| 942 | _2udc | ||
| 999 |
_c186210 _d186210 |
||